Wszyscy trenerzy ekstraklasy w sezonie 25/26 - Statystyki

Ogólne statystyki
  • Ten quiz został rozwiązany 72 razy
  • Średni wynik to 11 z 18
Statystyki odpowiedzi
Drużyna Trener % Poprawnych
Raków Częstochowa Marek Papszun
94%
Jagiellonia Białystok Adrian Siemieniec
90%
Korona Kielce Jacek Zieliński
87%
Arka Gdynia Dawid Szwarga
84%
Lech Poznań Niels Frederiksen
76%
Motor Lublin Mateusz Stolarski
73%
Zagłębie Lubin Leszek Ojrzyński
69%
Legia Warszawa Edward Iordanescu
63%
Bruk-Bet Termalica Nieciecza Marcin Brosz
61%
Wisła Płock Mariusz Misiura
61%
Lechia Gdańsk John Carver
58%
GKS Katowice Rafał Górak
56%
Cracovia Kraków Luka Elsner
52%
Pogoń Szczecin Robert Kolendowicz
52%
Górnik Zabrze Michał Gasparik
45%
Piast Gliwice Max Molder
40%
Widzew Łódź Zeljko Sopić
39%
Radomiak Radom Joao Henriques
24%
Nie znaleziono quizów pasujących do podanych kryteriów
Rozkład punktacji
Procent ludzi z każdym wynikiem
Percentyl według liczby udzielonych odpowiedzi
Twoja historia wyników
Nie rozwiązałeś tego quizu